Scream II (1997) en 20 questions - Statistiques

Statistiques générales
  • Ce quiz a été pris 252 fois
  • Le résultat moyen est 7 sur 20
Statistiques - réponses
Questions Réponses % Correct
Au début de Scream II, quel est le nom du film qui est projeté au cinéma (directement inspiré des évènements de Woodsboro) ? STAB
94%
Si sa copine meurt dans la salle de cinéma en pleine projection devant la foule, où meurt Phil ? DANS LES TOILETTES
87%
Où est tué précisément Randy en pleine journée sur le campus ? VAN/FOURGON/CAMION DE TV
63%
Dans quel lieu du campus a lieu l'affrontement final du film ? THEATRE (SCENE DU THEATRE)
62%
Le jeune couple qui se rend à la projection du film est composé de Phil Stevens et ? (le prénom ou nom suffira) MAUREEN (EVANS)
52%
Quel personnage est qualifié de héros par Sidney à la fin du film ? COTTON (WEARY)
51%
Sidney s'est fait une nouvelle bande d'amis durant ses études. Comment s'appelle son petit ami ? DEREK (FELDMAN)
51%
L'autre tueur, "L'étudiant taré à la Tarantino" fait partie de la bande d'ami de Sidney sur le campus, quel est son prénom ? MICKEY (ALTIERI)
51%
Quelle actrice interprête Cici Cooper, la 3e victime du film ? SARAH MICHELLE GELLAR
34%
Sous quel nom, Mme Loomis se présente comme journaliste jusqu'à la révélation finale ? (le prénom ou nom suffira) DEBBIE SALT
32%
Quel est le prénom du caméraman de Gale Weathers dans ce film ? JOEL
26%
Quel est le prénom de la camarade de chambre et meilleure ami de Sidney dans ce film ? HALLIE (MCDANIEL)
25%
Quel est le nom de la sororité de la maison dans laquelle a lieu le 3e meurtre du film ? En trois mots ou trois lettres OMEGA BETA ZETA (OBZ)
21%
Sidney étudie l'art dramatique en espérant devenir comédienne, quel personnage dramatique interprète elle lors d'une répétition ? CASSANDRE
16%
Quel personnage dans le film est interpétré par le père (dans la vraie vie) de David Arquette (Dewey dans le film) ? LE SHERIF (LEWIS HARTLEY)
16%
Si le tournage se déroule en partie à Atlanta puis à Los Angeles, dans quel Etat américain se situe la Fac (College) de Windsor, lieu de l'histoire de Scream 2 ? OHIO
15%
Avec quelle célèbre (réelle) journaliste de TV américaine (célèbre au USA), Cotton Weary propose t il une interview à Sidney ? (le prénom ou nom suffira) DIANE SAWYER
14%
Deux policiers sont chargés de la sécurité de Sidney, l'officier Andrews et l'officier ? RICHARDS
13%
En zappant, quand elle converse au téléphone avec le tueur, sur quel film en noir et blanc s'arrete Cici ? NOSFERATU (NOSFERATU LE VAMPIRE 1922)
10%
Dans la première image du film, on apercoit l'enseigne du cinema en grand en lettre rouge sur fond noir, quel est ce nom ? RIALTO
7%
Aucun quiz correspondant
Distribution des résultats
% des personnes avec chaque résultat
Percentile par nombre de réponses
Votre historique - résultats
Vous n’avez pas pris ce quiz